| 000 | 00827nam a22002177a 4500 | ||
|---|---|---|---|
| 005 | 20240530110559.0 | ||
| 008 | 160904s2012 ua g 000 0 ara d | ||
| 017 |
_a2012/13202 _bمصر . دار الكتب المصرية |
||
| 020 | _a9789773208951 | ||
| 040 | _aEG-CaGPL | ||
| 082 | 0 | 4 |
_221 _a962.081 _bق/ح م |
| 100 | 0 | _aحسن أبو طالب . | |
| 245 | 1 | 2 |
_aالمصريون والثورة بين الميدان والبرلمان / _cحسن أبو طالب . |
| 250 | _aط1. | ||
| 260 |
_aالقاهرة : _bمركز الاهرام للنشر والترجمة والتوزيع ، _c2012 . |
||
| 300 |
_a246 ص ؛ _c24 سم . |
||
| 650 | 0 | 4 |
_aثورة 25 يناير _xتاريخ . |
| 651 | 0 | 4 |
_aمصر _xتاريخ _yثورة 25 يناير . |
| 942 |
_2ddc _cBK |
||
| 999 |
_c62636 _d62636 |
||